| 000 | 00472nam a2200157 i 4500 | ||
|---|---|---|---|
| 001 | 80460 | ||
| 003 | ES-MaACL | ||
| 007 | t| | ||
| 008 | 041028s1954 sp ||||1| spa d | ||
| 100 | 1 |
_aHilton, James. _963738 |
|
| 245 | 1 | 4 |
_aUna y otra vez / _cJames Hilton ; [versión española de Rosa S. de Naveira]. |
| 260 |
_aBarcelona : _bExito, _c[1954] ( _fDuplex) |
||
| 300 |
_a335 p. ; _c20 cm. |
||
| 700 | 1 |
_aNaveira, Rosa S. de. _985223 |
|
| 852 |
_aES-MaACL _jC-8780 _bR.36133 |
||
| 999 |
_c80460 _d80460 |
||